000 00554cam a22002174a 4500
005 20250605164304.0
008 250528s ||||||||||||||||||||||||d
035 _a22188
020 _a9781462528097
040 _aGR-AtMCL
_bgre
_dGR-AtMCL
_eAACR2
245 1 _aEARLY INTERVENTION FOR READING DIFFICULTIES
250 _a2
260 _bGuilford Press,
_c2017
300 _a450
700 1 _aAndesron Kimberly L.
_98053
700 1 _aScanlon Donna M
_98054
700 1 _aSweeney Joan M
_98055
942 _cBK
999 _c7244
_d7244